| 000 | 00739cam a22002411 4500 | ||
|---|---|---|---|
| 001 | g 01002290 | ||
| 003 | DLC | ||
| 005 | 20260227111257.0 | ||
| 008 | 940420s1898 gw 000 0 ger | ||
| 010 | _ag 01002290 | ||
| 035 | _a(OCoLC)30305995 | ||
| 040 |
_aDLC _cCU _dCU _dOCoLC _dDLC |
||
| 042 | _apremarc | ||
| 050 | 0 | 0 |
_aPQ1483.G5 _bH3 |
| 100 | 1 |
_aHanf, Georg, _d1875- |
|
| 245 | 0 | 0 | _aÜber Guillaume de Machauts Voir dit ... |
| 260 |
_aHalle a. S., _bE. Karras, _c1898. |
||
| 300 |
_a3 p. l., 32 p., 1 l. _c24 cm. |
||
| 410 | 2 | 0 |
_aUniversität Heidelberg. _tDissertationen. _vv. 45, no. 5 |
| 502 | _aInaug.-diss.--Halle. | ||
| 500 | _aVita. | ||
| 500 | _a"Die arbeit erscheint vollständig in der Zeitschr. f. rom. phil. XXII." | ||
| 999 |
_c23941 _d23941 |
||